[Event "7th Washington Open 2018"]
[Site "Rockville"]
[Date "2018.08.11"]
[Round "2.5"]
[White "Postny, Evgeny"]
[Black "Balakrishnan, Praveen"]
[Result "1/2-1/2"]
[WhiteElo "2586"]
[BlackElo "2417"]
[Annotator "ChessBase"]
[PlyCount "42"]
[EventDate "2018.08.11"]
[EventType "swiss"]
[EventCountry "USA"]
[SourceTitle "playchess.com"]
[Source "ChessBase"]
[SourceQuality "1"]
[TimeControl "40/5400+30:1200+30"]

1. d4 {[%emt 0:01:09]} d5 {[%emt 0:00:00]} 2. c4 {[%emt 0:00:09]} e6 {[%emt 0:00:00]} 3. Nf3 {[%emt 0:00:25]} Nf6 {[%emt 0:00:00]} 4. Nc3 {[%emt 0:00:50]} Be7 {[%emt 0:00:02]} 5. g3 {[%emt 0:00:07]} O-O {[%emt 0:00:33]} 6. Bg2 {[%emt 0:00:05]} dxc4 {[%emt 0:02:22]} 7. Ne5 {[%emt 0:00:37]} c5 {[%emt 0:05:28]} 8. dxc5 {[%emt 0:00:30]} Qxd1+ {[%emt 0:00:42]} 9. Nxd1 {[%emt 0:00:07]} Bxc5 {[%emt 0:02:49]} 10. O-O {[%emt 0:00:25]} Nd5 {[%emt 0:11:22]} 11. Nxc4 {[%emt 0:02:12]} Nc6 {[%emt 0:04:07]} 12. Nc3 {[%emt 0:18:06]} Nd4 {[%emt 0:12:27]} 13. Nxd5 {[%emt 0:10:33]} Nxe2+ {[%emt 0:03:24]} 14. Kh1 {[%emt 0:00:07]} exd5 {[%emt 0:00:06]} 15. Bxd5 {[%emt 0:00:17]} Rd8 {[%emt 0:15:02]} 16. Bg2 {[%emt 0:00:47]} Be6 {[%emt 0:09:06]} 17. Be3 {[%emt 0:01:08]} Rac8 {[%emt 0:06:32]} 18. Bxc5 {[%emt 0:04:51]} Rxc5 {[%emt 0:00:43]} 19. Rfd1 {[%emt 0:00:43]} Rxd1+ {[%emt 0:04:39]} 20. Rxd1 {[%emt 0:01:53]} Kf8 {[%emt 0:07:19]} 21. Ne3 {[%emt 0:02:07]} Rc1 {[%emt 0:00:31]} 1/2-1/2

[Event "7th Washington Open 2018"]
[Site "Rockville"]
[Date "2018.08.11"]
[Round "2.6"]
[White "Lee, Michael"]
[Black "Azarov, Sergei Nikolaevich"]
[Result "0-1"]
[WhiteElo "2408"]
[BlackElo "2574"]
[Annotator "ChessBase"]
[PlyCount "82"]
[EventDate "2018.08.11"]
[EventType "swiss"]
[EventCountry "USA"]
[SourceTitle "playchess.com"]
[Source "ChessBase"]
[SourceQuality "1"]
[TimeControl "40/5400+30:1200+30"]

1. Nf3 {[%emt 0:00:00]} d5 {[%emt 0:00:27]} 2. d4 {[%emt 0:00:00]} Nf6 {[%emt 0:00:22]} 3. c4 {[%emt 0:00:05]} dxc4 {[%emt 0:01:02]} 4. e3 {[%emt 0:00:07]} b5 {[%emt 0:00:26]} 5. a4 {[%emt 0:01:00]} b4 {[%emt 0:00:12]} 6. Nbd2 {[%emt 0:01:18]} c3 {[%emt 0:01:45]} 7. bxc3 {[%emt 0:00:34]} bxc3 {[%emt 0:00:08]} 8. Nb1 {[%emt 0:00:30]} e6 {[%emt 0:00:35]} 9. Nxc3 {[%emt 0:00:45]} Bb4 {[%emt 0:00:55]} 10. Qb3 {[%emt 0:01:20]} a5 {[%emt 0:04:38]} 11. Ba3 {[%emt 0:03:14]} Nd5 {[%emt 0:07:18]} 12. Bxb4 {[%emt 0:03:12]} Nxb4 {[%emt 0:00:08]} 13. Bb5+ {[%emt 0:11:58]} c6 {[%emt 0:06:05]} 14. Bc4 {[%emt 0:03:22]} O-O {[%emt 0:12:39]} 15. O-O {[%emt 0:00:08]} Nd7 {[%emt 0:00:20]} 16. Rfd1 {[%emt 0:10:35]} Bb7 {[%emt 0:01:44]} 17. e4 {[%emt 0:04:11]} Qe7 {[%emt 0:03:26]} 18. e5 {[%emt 0:09:42]} Rab8 {[%emt 0:01:57]} 19. Rac1 {[%emt 0:11:53]} c5 {[%emt 0:08:46]} 20. d5 {[%emt 0:06:10]} Nxe5 {[%emt 0:01:12]} 21. Nxe5 {[%emt 0:04:51]} exd5 {[%emt 0:00:07]} 22. Bxd5 {[%emt 0:09:58]} Qxe5 {[%emt 0:00:24]} 23. Bxb7 {[%emt 0:00:14]} Rxb7 {[%emt 0:00:08]} 24. Qc4 {[%emt 0:00:10]} Re7 {[%emt 0:12:01]} 25. Nd5 {[%emt 0:05:28]} Re6 {[%emt 0:04:44]} 26. Ne3 {[%emt 0:02:27]} Rc8 {[%emt 0:11:25]} 27. Rd7 {[%emt 0:01:37]} Re7 {[%emt 0:03:17]} 28. Rd2 {[%emt 0:02:47]} h6 {[%emt 0:00:31]} 29. h3 {[%emt 0:01:34]} Qg5 {[%emt 0:04:57]} 30. Rcd1 {[%emt 0:00:33]} Rce8 {[%emt 0:00:45]} 31. Qb5 {[%emt 0:02:00]} Re6 {[%emt 0:00:43]} 32. Qxa5 {[%emt 0:02:33]} Nc6 {[%emt 0:00:07]} 33. Qc3 {[%emt 0:00:45]} Nd4 {[%emt 0:00:21]} 34. Kh1 {[%emt 0:00:45]} f5 {[%emt 0:02:35]} 35. Qxc5 {[%emt 0:01:06]} Nb3 {[%emt 0:00:11]} 36. Qd5 {[%emt 0:00:37]} Nxd2 {[%emt 0:00:57]} 37. Rxd2 {[%emt 0:00:10]} Kh8 {[%emt 0:02:43]} 38. Qf3 {[%emt 0:00:47]} f4 {[%emt 0:01:26]} 39. Nd5 {[%emt 0:00:02]} Rd6 {[%emt 0:03:09]} 40. Rd3 {[%emt 0:00:48]} Rf8 {[%emt 0:04:12]} 41. Qe4 {[%emt 0:02:58]} f3 {[%emt 0:04:38]} 0-1

[Event "7th Washington Open 2018"]
[Site "Rockville"]
[Date "2018.08.11"]
[Round "2.7"]
[White "Gabuzyan, Hovhannes"]
[Black "Wang, Kevin"]
[Result "1-0"]
[WhiteElo "2556"]
[BlackElo "2414"]
[Annotator "ChessBase"]
[PlyCount "73"]
[EventDate "2018.08.11"]
[EventType "swiss"]
[EventCountry "USA"]
[SourceTitle "playchess.com"]
[Source "ChessBase"]
[SourceQuality "1"]
[TimeControl "40/5400+30:1200+30"]

1. Nf3 {[%emt 0:06:25]} d5 {[%emt 0:00:02]} 2. g3 {[%emt 0:00:04]} Nf6 {[%emt 0:00:38]} 3. Bg2 {[%emt 0:00:04]} e6 {[%emt 0:00:44]} 4. O-O {[%emt 0:00:14]} Be7 {[%emt 0:04:47]} 5. d3 {[%emt 0:00:07]} O-O {[%emt 0:01:34]} 6. Nbd2 {[%emt 0:00:03]} c5 {[%emt 0:01:05]} 7. Re1 {[%emt 0:00:03]} Nc6 {[%emt 0:04:30]} 8. e4 {[%emt 0:00:05]} b5 {[%emt 0:01:06]} 9. a4 {[%emt 0:00:08]} b4 {[%emt 0:01:59]} 10. exd5 {[%emt 0:02:34]} exd5 {[%emt 0:00:51]} 11. d4 {[%emt 0:00:04]} Bf5 {[%emt 0:03:43]} 12. dxc5 {[%emt 0:00:41]} Bxc5 {[%emt 0:02:08]} 13. Nb3 {[%emt 0:02:38]} Bb6 {[%emt 0:01:19]} 14. Be3 {[%emt 0:01:46]} Rc8 {[%emt 0:04:03]} 15. Nfd4 {[%emt 0:05:56]} Nxd4 {[%emt 0:05:20]} 16. Nxd4 {[%emt 0:00:05]} Be4 {[%emt 0:01:57]} 17. a5 {[%emt 0:00:13]} Bxd4 {[%emt 0:16:50]} 18. Qxd4 {[%emt 0:00:28]} a6 {[%emt 0:06:31]} 19. Qxb4 {[%emt 0:01:55]} Bxg2 {[%emt 0:03:45]} 20. Kxg2 {[%emt 0:00:27]} Rxc2 {[%emt 0:00:30]} 21. Rac1 {[%emt 0:00:10]} Rc4 {[%emt 0:01:53]} 22. Qb6 {[%emt 0:04:42]} Qa8 {[%emt 0:01:09]} 23. Qa7 {[%emt 0:01:06]} Qc6 {[%emt 0:04:24]} 24. b3 {[%emt 0:00:26]} Rc3 {[%emt 0:11:24]} 25. Qd4 {[%emt 0:01:35]} Rc2 {[%emt 0:03:35]} 26. Qb6 {[%emt 0:02:36]} Qc3 {[%emt 0:03:17]} 27. Bd4 {[%emt 0:00:34]} Qd2 {[%emt 0:01:52]} 28. Rcd1 {[%emt 0:01:47]} Qg5 {[%emt 0:00:22]} 29. Qxa6 {[%emt 0:00:40]} Ne4 {[%emt 0:00:52]} 30. Qd3 {[%emt 0:01:47]} Ra2 {[%emt 0:01:01]} 31. b4 {[%emt 0:00:20]} Rb8 {[%emt 0:00:37]} 32. Be3 {[%emt 0:03:04]} Qf6 {[%emt 0:00:48]} 33. Qxd5 {[%emt 0:01:14]} Nc3 {[%emt 0:03:58]} 34. Qd6 {[%emt 0:00:19]} Qxd6 {[%emt 0:00:51]} 35. Rxd6 {[%emt 0:00:05]} h6 {[%emt 0:00:19]} 36. Rc1 {[%emt 0:00:48]} Na4 {[%emt 0:01:08]} 37. a6 {[%emt 0:00:11]} 1-0

[Event "7th Washington Open 2018"]
[Site "Rockville"]
[Date "2018.08.11"]
[Round "2.8"]
[White "Brodsky, David"]
[Black "Becerra Rivero, Julio"]
[Result "1/2-1/2"]
[WhiteElo "2402"]
[BlackElo "2529"]
[Annotator "ChessBase"]
[PlyCount "118"]
[EventDate "2018.08.11"]
[EventType "swiss"]
[EventCountry "USA"]
[SourceTitle "playchess.com"]
[Source "ChessBase"]
[SourceQuality "1"]
[TimeControl "40/5400+30:1200+30"]

1. e4 {[%emt 0:00:00]} c5 {[%emt 0:02:53]} 2. Nf3 {[%emt 0:00:00]} Nc6 {[%emt 0:00:08]} 3. d4 {[%emt 0:00:07]} cxd4 {[%emt 0:00:05]} 4. Nxd4 {[%emt 0:00:03]} g6 {[%emt 0:00:17]} 5. c4 {[%emt 0:00:21]} Bg7 {[%emt 0:00:29]} 6. Be3 {[%emt 0:00:15]} Nf6 {[%emt 0:00:15]} 7. Nc3 {[%emt 0:00:07]} d6 {[%emt 0:00:16]} 8. Be2 {[%emt 0:00:15]} O-O {[%emt 0:00:22]} 9. O-O {[%emt 0:00:05]} Bd7 {[%emt 0:00:22]} 10. Nb3 {[%emt 0:04:37]} a5 {[%emt 0:02:49]} 11. Rc1 {[%emt 0:11:48]} a4 {[%emt 0:01:52]} 12. Na1 {[%emt 0:04:44]} a3 {[%emt 0:04:55]} 13. b3 {[%emt 0:01:12]} Qa5 {[%emt 0:00:59]} 14. Bd2 {[%emt 0:08:23]} Nd4 {[%emt 0:08:22]} 15. Nd5 {[%emt 0:05:45]} Qd8 {[%emt 0:00:42]} 16. Nxf6+ {[%emt 0:02:09]} Bxf6 {[%emt 0:00:12]} 17. Bc3 {[%emt 0:01:21]} Qb6 {[%emt 0:06:11]} 18. Bd3 {[%emt 0:06:47]} Bg7 {[%emt 0:06:37]} 19. Nc2 {[%emt 0:03:19]} Nf3+ {[%emt 0:08:27]} 20. Qxf3 {[%emt 0:01:18]} Bxc3 {[%emt 0:00:06]} 21. Ne3 {[%emt 0:02:03]} Bd4 {[%emt 0:01:15]} 22. Nd5 {[%emt 0:12:30]} Qd8 {[%emt 0:00:07]} 23. Nc3 {[%emt 0:01:15]} Bc6 {[%emt 0:05:57]} 24. Qe2 {[%emt 0:01:58]} e6 {[%emt 0:09:13]} 25. Nb5 {[%emt 0:12:06]} Bb2 {[%emt 0:04:29]} 26. Rcd1 {[%emt 0:00:19]} Qe7 {[%emt 0:11:18]} 27. Qe3 {[%emt 0:01:03]} Rfd8 {[%emt 0:01:08]} 28. Be2 {[%emt 0:03:06]} Rac8 {[%emt 0:01:43]} 29. Na7 {[%emt 0:01:14]} Rc7 {[%emt 0:00:21]} 30. Nxc6 {[%emt 0:00:41]} bxc6 {[%emt 0:03:44]} 31. b4 {[%emt 0:01:42]} Rb8 {[%emt 0:03:21]} 32. b5 {[%emt 0:01:05]} e5 {[%emt 0:00:55]} 33. Qd3 {[%emt 0:01:27]} cxb5 {[%emt 0:05:01]} 34. cxb5 {[%emt 0:00:12]} Rb6 {[%emt 0:00:45]} 35. Qe3 {[%emt 0:02:38]} Rc5 {[%emt 0:01:06]} 36. Rd5 {[%emt 0:00:46]} Rxd5 {[%emt 0:02:59]} 37. Qxb6 {[%emt 0:01:33]} Rd2 {[%emt 0:00:36]} 38. Bc4 {[%emt 0:03:16]} Bd4 {[%emt 0:02:39]} 39. Qa5 {[%emt 0:01:01]} Rc2 {[%emt 0:01:12]} 40. Qa4 {[%emt 0:01:41]} Rc3 {[%emt 0:01:06]} 41. Bb3 {[%emt 0:07:57]} Qa7 {[%emt 0:05:29]} 42. Qxa7 {[%emt 0:00:34]} Bxa7 {[%emt 0:00:02]} 43. Rb1 {[%emt 0:01:15]} Kf8 {[%emt 0:00:35]} 44. Kf1 {[%emt 0:00:44]} Bb6 {[%emt 0:00:21]} 45. Ke2 {[%emt 0:00:48]} Ke7 {[%emt 0:00:16]} 46. Bd1 {[%emt 0:04:21]} f5 {[%emt 0:06:09]} 47. Rb3 {[%emt 0:00:33]} Rxb3 {[%emt 0:02:12]} 48. Bxb3 {[%emt 0:00:03]} fxe4 {[%emt 0:01:15]} 49. Bd5 {[%emt 0:00:29]} Kf6 {[%emt 0:00:12]} 50. Bxe4 {[%emt 0:00:47]} Ke6 {[%emt 0:00:08]} 51. f3 {[%emt 0:00:47]} d5 {[%emt 0:00:11]} 52. Bc2 {[%emt 0:00:10]} Kd6 {[%emt 0:00:16]} 53. Kd3 {[%emt 0:00:50]} Kc5 {[%emt 0:00:15]} 54. Bb3 {[%emt 0:00:04]} g5 {[%emt 0:00:46]} 55. g4 {[%emt 0:01:29]} h6 {[%emt 0:00:16]} 56. h3 {[%emt 0:00:04]} Ba5 {[%emt 0:00:42]} 57. Ba4 {[%emt 0:00:07]} Kb4 {[%emt 0:04:37]} 58. Bb3 {[%emt 0:00:10]} Kc5 {[%emt 0:00:08]} 59. Ba4 {[%emt 0:00:03]} Kb4 {[%emt 0:00:52]} 1/2-1/2

[Event "7th Washington Open 2018"]
[Site "Rockville"]
[Date "2018.08.11"]
[Round "2.9"]
[White "Macieja, Bartlomiej"]
[Black "Gerzhoy, Leonid"]
[Result "1-0"]
[WhiteElo "2528"]
[BlackElo "2407"]
[Annotator "ChessBase"]
[PlyCount "57"]
[EventDate "2018.08.11"]
[EventType "swiss"]
[EventCountry "USA"]
[SourceTitle "playchess.com"]
[Source "ChessBase"]
[SourceQuality "1"]
[TimeControl "40/5400+30:1200+30"]

1. Nf3 {[%emt 0:08:24]} Nf6 {[%emt 0:02:46]} 2. c4 {[%emt 0:00:04]} d6 {[%emt 0:00:35]} 3. d4 {[%emt 0:02:21]} Nbd7 {[%emt 0:01:17]} 4. Nc3 {[%emt 0:00:45]} e5 {[%emt 0:05:33]} 5. e4 {[%emt 0:00:02]} Be7 {[%emt 0:00:13]} 6. Be2 {[%emt 0:00:13]} O-O {[%emt 0:00:07]} 7. O-O {[%emt 0:00:03]} c6 {[%emt 0:00:19]} 8. Re1 {[%emt 0:02:49]} a6 {[%emt 0:05:24]} 9. a3 {[%emt 0:13:06]} b5 {[%emt 0:01:42]} 10. d5 {[%emt 0:06:46]} cxd5 {[%emt 0:02:22]} 11. cxd5 {[%emt 0:01:08]} Nb6 {[%emt 0:03:27]} 12. b3 {[%emt 0:24:50]} Qc7 {[%emt 0:03:10]} 13. Bd2 {[%emt 0:06:04]} Bd7 {[%emt 0:00:37]} 14. Bd3 {[%emt 0:05:33]} Rac8 {[%emt 0:02:24]} 15. Qe2 {[%emt 0:02:08]} Qb8 {[%emt 0:03:39]} 16. Na2 {[%emt 0:02:06]} Rc7 {[%emt 0:11:47]} 17. Nb4 {[%emt 0:07:29]} Qb7 {[%emt 0:06:28]} 18. a4 {[%emt 0:00:50]} bxa4 {[%emt 0:00:36]} 19. Nxa6 {[%emt 0:01:51]} Rcc8 {[%emt 0:01:21]} 20. Reb1 {[%emt 0:08:02]} axb3 {[%emt 0:07:42]} 21. Rxb3 {[%emt 0:00:07]} Bg4 {[%emt 0:00:27]} 22. Rab1 {[%emt 0:04:40]} Nfd7 {[%emt 0:00:15]} 23. h3 {[%emt 0:01:34]} Bxf3 {[%emt 0:02:41]} 24. Qxf3 {[%emt 0:00:01]} Bd8 {[%emt 0:02:05]} 25. Be3 {[%emt 0:00:59]} g6 {[%emt 0:04:27]} 26. Qe2 {[%emt 0:00:17]} f5 {[%emt 0:01:10]} 27. exf5 {[%emt 0:00:05]} gxf5 {[%emt 0:00:22]} 28. Bxf5 {[%emt 0:00:40]} Rxf5 {[%emt 0:01:38]} 29. Qg4+ {[%emt 0:00:01]} 1-0

[Event "7th Washington Open 2018"]
[Site "Rockville"]
[Date "2018.08.12"]
[Round "3.1"]
[White "Azarov, Sergei Nikolaevich"]
[Black "Chandra, Akshat"]
[Result "1/2-1/2"]
[WhiteElo "2574"]
[BlackElo "2487"]
[Annotator "ChessBase"]
[PlyCount "66"]
[EventDate "2018.08.11"]
[EventType "swiss"]
[EventCountry "USA"]
[SourceTitle "playchess.com"]
[Source "ChessBase"]
[SourceQuality "1"]
[TimeControl "40/5400+30:1200+30"]

1. e4 {[%emt 0:00:00]} e5 {[%emt 0:03:50]} 2. Nf3 {[%emt 0:00:00]} Nc6 {[%emt 0:00:19]} 3. Bb5 {[%emt 0:00:07]} Nf6 {[%emt 0:00:35]} 4. O-O {[%emt 0:00:39]} Nxe4 {[%emt 0:00:21]} 5. d4 {[%emt 0:00:20]} Nd6 {[%emt 0:00:17]} 6. Bxc6 {[%emt 0:00:54]} dxc6 {[%emt 0:00:13]} 7. dxe5 {[%emt 0:00:13]} Nf5 {[%emt 0:00:37]} 8. Qxd8+ {[%emt 0:00:14]} Kxd8 {[%emt 0:00:04]} 9. h3 {[%emt 0:00:26]} Bd7 {[%emt 0:01:36]} 10. Rd1 {[%emt 0:03:06]} Be7 {[%emt 0:00:37]} 11. Nc3 {[%emt 0:07:05]} Kc8 {[%emt 0:01:38]} 12. Bg5 {[%emt 0:06:37]} h6 {[%emt 0:04:47]} 13. Bxe7 {[%emt 0:01:44]} Nxe7 {[%emt 0:00:08]} 14. Rd2 {[%emt 0:28:34]} c5 {[%emt 0:06:29]} 15. Rad1 {[%emt 0:04:57]} Be6 {[%emt 0:13:15]} 16. Ne2 {[%emt 0:08:47]} Nc6 {[%emt 0:08:07]} 17. a3 {[%emt 0:05:43]} g5 {[%emt 0:02:56]} 18. g4 {[%emt 0:06:45]} h5 {[%emt 0:14:58]} 19. Nxg5 {[%emt 0:00:21]} hxg4 {[%emt 0:01:19]} 20. Nf4 {[%emt 0:00:57]} gxh3 {[%emt 0:22:29]} 21. Nfxe6 {[%emt 0:00:29]} fxe6 {[%emt 0:00:04]} 22. f4 {[%emt 0:00:10]} b6 {[%emt 0:03:03]} 23. Nxe6 {[%emt 0:01:09]} Rh6 {[%emt 0:05:45]} 24. Nxc7 {[%emt 0:13:07]} Kxc7 {[%emt 0:01:56]} 25. Rd7+ {[%emt 0:00:02]} Kc8 {[%emt 0:00:42]} 26. Rf7 {[%emt 0:00:26]} Rb8 {[%emt 0:05:55]} 27. Rdd7 {[%emt 0:01:00]} b5 {[%emt 0:00:47]} 28. Rc7+ {[%emt 0:03:24]} Kd8 {[%emt 0:00:01]} 29. Rfd7+ {[%emt 0:00:18]} Ke8 {[%emt 0:00:01]} 30. Rg7 {[%emt 0:00:14]} Kf8 {[%emt 0:01:20]} 31. Rcf7+ {[%emt 0:01:26]} Ke8 {[%emt 0:00:01]} 32. Rc7 {[%emt 0:00:11]} Kf8 {[%emt 0:00:04]} 33. Rcf7+ {[%emt 0:00:23]} Ke8 {[%emt 0:00:03]} 1/2-1/2

[Event "7th Washington Open 2018"]
[Site "Rockville"]
[Date "2018.08.12"]
[Round "3.2"]
[White "Popilski, Gil"]
[Black "Gabuzyan, Hovhannes"]
[Result "0-1"]
[WhiteElo "2491"]
[BlackElo "2556"]
[Annotator "ChessBase"]
[PlyCount "68"]
[EventDate "2018.08.11"]
[EventType "swiss"]
[EventCountry "USA"]
[SourceTitle "playchess.com"]
[Source "ChessBase"]
[SourceQuality "1"]
[TimeControl "40/5400+30:1200+30"]

1. d4 {[%emt 0:00:00]} Nf6 {[%emt 0:01:20]} 2. c4 {[%emt 0:00:00]} g6 {[%emt 0:00:05]} 3. Nc3 {[%emt 0:00:00]} Bg7 {[%emt 0:00:39]} 4. e4 {[%emt 0:00:37]} d6 {[%emt 0:00:04]} 5. Be2 {[%emt 0:03:36]} O-O {[%emt 0:00:23]} 6. Bg5 {[%emt 0:00:05]} Nbd7 {[%emt 0:01:05]} 7. Qd2 {[%emt 0:01:56]} e5 {[%emt 0:00:34]} 8. d5 {[%emt 0:00:07]} a5 {[%emt 0:00:09]} 9. Bd1 {[%emt 0:09:52]} Nc5 {[%emt 0:00:34]} 10. Bc2 {[%emt 0:00:29]} c6 {[%emt 0:00:21]} 11. Nge2 {[%emt 0:01:56]} cxd5 {[%emt 0:01:02]} 12. exd5 {[%emt 0:09:11]} Bd7 {[%emt 0:03:23]} 13. Ng3 {[%emt 0:17:37]} Qb6 {[%emt 0:01:06]} 14. Rb1 {[%emt 0:03:35]} Ng4 {[%emt 0:17:29]} 15. h3 {[%emt 0:07:38]} f6 {[%emt 0:03:57]} 16. hxg4 {[%emt 0:01:51]} fxg5 {[%emt 0:00:03]} 17. f3 {[%emt 0:03:45]} e4 {[%emt 0:00:06]} 18. Ngxe4 {[%emt 0:00:07]} Rae8 {[%emt 0:00:38]} 19. Kd1 {[%emt 0:00:27]} Rf4 {[%emt 0:05:52]} 20. Re1 {[%emt 0:05:20]} Be5 {[%emt 0:06:29]} 21. b3 {[%emt 0:07:53]} Rc8 {[%emt 0:06:30]} 22. Nxc5 {[%emt 0:03:15]} Qxc5 {[%emt 0:00:46]} 23. Ne4 {[%emt 0:00:06]} Qa3 {[%emt 0:00:33]} 24. Bd3 {[%emt 0:00:14]} a4 {[%emt 0:16:11]} 25. b4 {[%emt 0:03:12]} h5 {[%emt 0:14:12]} 26. gxh5 {[%emt 0:00:39]} g4 {[%emt 0:00:06]} 27. Bf1 {[%emt 0:10:49]} gxf3 {[%emt 0:03:00]} 28. Re3 {[%emt 0:00:05]} Bg4 {[%emt 0:00:28]} 29. Rxa3 {[%emt 0:03:24]} fxg2+ {[%emt 0:01:12]} 30. Kc2 {[%emt 0:00:48]} g1=Q {[%emt 0:00:40]} 31. Rg3 {[%emt 0:01:13]} Qh1 {[%emt 0:03:39]} 32. Bd3 {[%emt 0:01:34]} Qxe4 {[%emt 0:01:42]} 33. Bxe4 {[%emt 0:00:34]} Rxc4+ {[%emt 0:00:03]} 34. Kd3 {[%emt 0:00:52]} Rd4+ {[%emt 0:00:08]} 0-1

[Event "7th Washington Open 2018"]
[Site "Rockville"]
[Date "2018.08.12"]
[Round "3.3"]
[White "Panchanathan, Magesh Chandran"]
[Black "Macieja, Bartlomiej"]
[Result "1-0"]
[WhiteElo "2486"]
[BlackElo "2528"]
[Annotator "RC"]
[PlyCount "165"]
[EventDate "2018.08.11"]
[EventType "swiss"]
[EventCountry "USA"]
[SourceTitle "playchess.com"]
[Source "ChessBase"]
[SourceQuality "1"]
[TimeControl "40/5400+30:1200+30"]

1. Nf3 {[%emt 0:08:11]} d5 {[%emt 0:00:00]} 2. g3 {[%emt 0:00:41]} c6 {[%emt 0:00:00]} 3. Bg2 {[%emt 0:00:13]} Bf5 {[%emt 0:00:14]} 4. O-O {[%emt 0:01:51]} e6 {[%emt 0:00:07]} 5. d3 {[%emt 0:07:50]} Nf6 {[%emt 0:00:39]} 6. c4 {[%emt 0:01:46]} dxc4 {[%emt 0:00:11]} 7. dxc4 {[%emt 0:00:06]} Qxd1 {[%emt 0:00:03]} 8. Rxd1 {[%emt 0:00:05]} Bc2 {[%emt 0:00:06]} 9. Rf1 {[%emt 0:01:25]} a5 {[%emt 0:21:06]} 10. Nc3 {[%emt 0:02:08]} a4 {[%emt 0:00:02]} 11. Ne1 {[%emt 0:23:02]} Bg6 {[%emt 0:00:40]} 12. Nd3 {[%emt 0:00:23]} Nbd7 {[%emt 0:01:31]} 13. Be3 {[%emt 0:08:52]} Bd6 {[%emt 0:09:12]} 14. Rfd1 {[%emt 0:03:37]} Ke7 {[%emt 0:12:28]} 15. h3 {[%emt 0:00:30]} h6 {[%emt 0:07:58]} 16. a3 {[%emt 0:07:22]} Ra5 {[%emt 0:22:05]} 17. Rac1 {[%emt 0:00:20]} Rha8 {[%emt 0:03:55]} 18. Rd2 {[%emt 0:03:35]} Nc5 {[%emt 0:08:05]} 19. Bxc5 {[%emt 0:06:21]} Bxc5 {[%emt 0:00:01]} 20. Nxa4 {[%emt 0:00:19]} Bxf2+ {[%emt 0:04:47]} 21. Kxf2 {[%emt 0:00:35]} Rxa4 {[%emt 0:00:01]} 22. Nc5 {[%emt 0:00:47]} R4a7 {[%emt 0:00:02]} 23. Ke3 {[%emt 0:00:35]} Rd8 {[%emt 0:01:30]} 24. Rcd1 {[%emt 0:01:44]} Rxd2 {[%emt 0:00:02]} 25. Rxd2 {[%emt 0:00:06]} e5 {[%emt 0:01:06]} 26. g4 {[%emt 0:01:07]} b6 {[%emt 0:00:34]} 27. Nd3 {[%emt 0:04:40]} Bxd3 {[%emt 0:00:05]} 28. Rxd3 {[%emt 0:00:20]} Rc7 {[%emt 0:00:37]} 29. Rb3 {[%emt 0:01:35]} Nd7 {[%emt 0:00:01]} 30. Rb4 {[%emt 0:00:16]} Kd6 {[%emt 0:01:36]} 31. Ra4 {[%emt 0:00:32]} Nc5 {[%emt 0:02:48]} 32. Ra8 {[%emt 0:00:16]} Ne6 {[%emt 0:00:14]} 33. Be4 {[%emt 0:01:27]} Ng5 {[%emt 0:01:20]} 34. Rb8 {[%emt 0:04:13]} Nxe4 {[%emt 0:03:16]} 35. Kxe4 {[%emt 0:00:06]} Kc5 {[%emt 0:00:10]} 36. Kd3 {[%emt 0:00:19]} e4+ {[%emt 0:00:53]} 37. Kc3 {[%emt 0:01:26]} b5 {[%emt 0:00:12]} 38. Re8 {[%emt 0:00:25]} bxc4 {[%emt 0:00:51]} 39. Re5+ {[%emt 0:00:16]} Kb6 {[%emt 0:00:30]} 40. Rxe4 {[%emt 0:00:10]} Rd7 {[%emt 0:00:28]} 41. Rxc4 {[%emt 0:21:12]} Rd1 {[%emt 0:03:45]} 42. Rb4+ {[%emt 0:00:00]} Kc5 {[%emt 0:09:54]} 43. Rf4 {[%emt 0:00:00]} Rh1 {[%emt 0:02:05]} 44. Rf5+ {[%emt 0:00:00]} Kb6 {[%emt 0:01:51]} 45. Rf3 {[%emt 0:00:00]} f6 {[%emt 0:00:17]} 46. b3 {[%emt 0:00:00]} Kc5 {[%emt 0:01:40]} 47. Kd2 {[%emt 0:00:00]} Ra1 {[%emt 0:00:55]} 48. Rc3+ {[%emt 0:00:00]} Kd4 {[%emt 0:01:27]} 49. e3+ {[%emt 0:00:00]} Kd5 {[%emt 0:01:21]} 50. b4 {[%emt 0:00:00]} Ra2+ {[%emt 0:01:15]} 51. Kd3 {[%emt 0:00:00]} Kd6 {[%emt 0:00:45]} 52. e4 {[%emt 0:00:00]} Kc7 {[%emt 0:00:44]} 53. Kd4 {[%emt 0:00:55]} Rd2+ {[%emt 0:00:28]} 54. Ke3 {[%emt 0:00:31]} Ra2 {[%emt 0:00:33]} 55. Kf4 {[%emt 0:00:18]} Rf2+ {[%emt 0:00:31]} 56. Rf3 {[%emt 0:00:23]} g5+ {[%emt 0:00:27]} 57. Ke3 {[%emt 0:00:53]} Rh2 {[%emt 0:00:20]} 58. Kd4 {[%emt 0:00:14]} Rd2+ {[%emt 0:00:27]} 59. Kc4 {[%emt 0:00:32]} Rc2+ {[%emt 0:00:14]} 60. Rc3 {[%emt 0:01:06]} Re2 {[%emt 0:00:55]} 61. Kd4 {[%emt 0:01:03]} Rd2+ {[%emt 0:00:08]} 62. Rd3 {[%emt 0:00:04]} Rf2 {[%emt 0:00:40]} 63. Re3 {[%emt 0:00:32]} Kb6 {[%emt 0:00:45]} 64. a4 {[%emt 0:02:43]} Rd2+ {[%emt 0:00:27]} 65. Kc4 {[%emt 0:00:18]} Rc2+ {[%emt 0:00:18]} 66. Rc3 {[%emt 0:00:15]} Re2 {[%emt 0:00:20]} 67. a5+ {[%emt 0:00:03]} Kb7 {[%emt 0:00:13]} 68. Kd4 {[%emt 0:00:40]} Rb2 {[%emt 0:01:15]} 69. Kc5 {[%emt 0:00:15]} Re2 {[%emt 0:00:31]} 70. Rf3 {[%emt 0:04:24]} Rc2+ {[%emt 0:00:06]} 71. Kd6 {[%emt 0:00:05]} Rd2+ {[%emt 0:00:16]} 72. Ke6 {[%emt 0:00:12]} Rd4 {[%emt 0:00:05]} 73. Kxf6 {[%emt 0:01:14]} Rxe4 {[%emt 0:00:07]} 74. Kg6 {[%emt 0:03:47]} Rxb4 {[%emt 0:00:02]} 75. Kxh6 {[%emt 0:00:05]} Rb5 {[%emt 0:01:40]} 76. Rf5 {[%emt 0:00:06]} Rb3 {[%emt 0:00:18]} 77. Kxg5 {[%emt 0:00:49]} Rxh3 {[%emt 0:00:02]} 78. Kf6 {[%emt 0:00:39]} Rh6+ {[%emt 0:01:46]} 79. Kg7 {[%emt 0:00:33]} Rd6 {[%emt 0:00:35]} 80. g5 {[%emt 0:00:07]} Rd5 {[%emt 0:00:26]} 81. Kf6 {[%emt 0:00:05]} Rd6+ {[%emt 0:00:08]} 82. Kf7 {[%emt 0:00:11]} Rd7+ {[%emt 0:00:52]} 83. Ke6 {[%emt 0:00:07]} 1-0